| 000 | 00750nam a2200193 a 4500 | ||
|---|---|---|---|
| 008 | 111007s1983 ||||||||||||||||| || u | ||
| 020 | _a0683075004 | ||
| 050 | _aRC 925 Sal. | ||
| 100 | _aSalter, Robert Bruce | ||
| 245 | 1 | 0 | _aTexbook of disorders and injuries of the musculoskeletal system. (2nd ed.) |
| 250 | _a2nd ed. | ||
| 260 |
_aLondon: _bWilliams & Wilkins _c1983 |
||
| 300 | _axvii, 578p. : ill. | ||
| 350 | _a0.00 | ||
| 650 | _aMUSCULOSKELETAL SYSTEM--DISEASES | ||
| 650 | _aMEDICINE | ||
| 650 | _aMUSCULOSKELETAL SYSTEM--WOUND AND INJURIES | ||
| 995 |
_aMEDICAL LIBRARY OPEN ACCESS _D0.00 _e901298 _FCBU-SCHOOL OF MEDICINE LIBRARY (Ndola) _H1 _I0.00 _jRC 925 Sal. _M1 _UAVAILABLE _WOct 7, 2011 _y901298 _ZMedical Library Open Access Collection |
||
| 999 |
_c32855 _d32855 |
||